00442nam a2200193Ia 4500003000900000008004100009040001300050040001300063041000800076100002000084245006700104250001200171260001400183260000900197300001100206300001000217490000600227600001500233IT-RoPAU120407s9999 xx 000 0 und d aIT-RoPAU cIT-RoPAU aita aJacques Dournes aLa missione : testimonianza e liberazione. Trad. di Robi Ronza aMIlano  aJaca Book c1970 a145 p. c23 cm v1 a1.Missioni